Χίλιες και μία ανατροπές : η νεοτερικότητα στη λογοτεχνία για μικρές ηλικίες
Saved in:
| Main Author: | |
|---|---|
| Format: | Book |
| Language: | Greek |
| Published: |
Αθήνα :
Ελληνικά Γράμματα,
2000.
|
| Subjects: | |
| Tags: |
Add Tag
No Tags, Be the first to tag this record!
|
MARC
| LEADER | 00000cam a2200000 i 4500 | ||
|---|---|---|---|
| 001 | 1/36935 | ||
| 008 | 030617s2000 gr | ||| |||| ||gre|| | ||
| 020 | |a 9603931977 | ||
| 035 | |l 10070164 | ||
| 040 | |a GR-MY-UA |b gre |e aacr | ||
| 041 | 0 | |a gre | |
| 082 | 7 | |a 809.89282 |2 (22) | |
| 100 | 1 | |a Οικονομίδου, Σούλα. | |
| 245 | 1 | 0 | |a Χίλιες και μία ανατροπές : |b η νεοτερικότητα στη λογοτεχνία για μικρές ηλικίες / |c Σούλα Οικονομίδου. |
| 260 | |a Αθήνα : |b Ελληνικά Γράμματα, |c 2000. | ||
| 300 | |a 303 σ. ; |c 24 εκ. | ||
| 650 | 0 | 0 | |a Children's literature |x History. |
| 650 | 0 | 0 | |a Children's literature. |
| 852 | |a INST |b RHODES |e 20030617 |h 809.89282 ΟΙΚ |p 005400020293 |q 005400020293 |t BK |y 0 | ||
| 852 | |a INST |b RHODES |e 20230622 |h 809.89282 ΟΙΚ |p 005400043659 |q 005400043659 |t BK |y 0 | ||
| 901 | |a BIBL4-2003-2 | ||
| 909 | |a Ρ |b 104825 | ||
| 970 | |a ΚΟΥΛΑΚΙΟΤΗ |b ΛΙΤΣΑ |z 2003/06/17 | ||